[Event "Liga Madrileña - DH 2011-2012"]
[Site "Madrid ESP"]
[Date "2012.02.26"]
[Round "12.45"]
[White "Nunez Gutierrez, Juan Carlos"]
[Black "Aguado Solana, Juan"]
[Result "0-1"]
[WhiteElo "2049"]
[BlackElo "2050"]
[PlyCount "126"]
[EventDate "2011.11.13"]
[EventType "team"]
[EventRounds "14"]
[EventCountry "ESP"]
[Source "lmi"]
[SourceDate "2011.11.13"]
[WhiteTeam "Leganes"]
[BlackTeam "Blanco y Negro"]
[WhiteTeamCountry "ESP"]
[BlackTeamCountry "ESP"]

1. e4 c5 2. Nf3 d6 3. d4 cxd4 4. Nxd4 Nf6 5. Nc3 a6 6. Bc4 e6 7. a4 Qc7 8. Bb3
Nc6 9. Be3 Na5 10. O-O Be7 11. Qe2 e5 12. Nf3 Nxb3 13. cxb3 Be6 14. Rac1 Qa5
15. Nd2 O-O 16. f3 Rac8 17. Qd3 Rfd8 18. Nc4 Bxc4 19. bxc4 Qb4 20. Nd5 Nxd5 21.
cxd5 Qxa4 22. Rc3 Qd7 23. Rfc1 Rxc3 24. Qxc3 f5 25. Bb6 Re8 26. Qc4 Bd8 27. Bf2
Bg5 28. Rc2 fxe4 29. fxe4 Qg4 30. h3 Qd1+ 31. Kh2 Rf8 32. Re2 Qf1 33. Qc2 h5
34. h4 Bh6 35. Bg3 Bf4 36. Bxf4 Qxf4+ 37. g3 Qg4 38. Rg2 Rc8 39. Qe2 Qg6 40.
Rf2 b5 41. Rf5 Rc4 42. Qf3 Rc2+ 43. Kg1 Rxb2 44. Rxh5 Rb3 45. Qxb3 Qxh5 46. Kf2
Qg4 47. Qb4 Qd7 48. Qa5 Qa7+ 49. Kf3 Kh7 50. Qd8 Qc5 51. Qe8 Qc3+ 52. Kg4 Qe3
53. Kf5 Qh6 54. h5 b4 55. Kg4 b3 56. Qb8 Qe3 57. Kf5 Qxg3 58. Ke6 Qc3 59. Qe8
Qg3 60. Qb8 Qc3 61. Qe8 Qg3 62. Qb8 Qd3 63. Kxd6 Qb5 0-1

[Event "Liga Madrileña - DH 2011-2012"]
[Site "Madrid ESP"]
[Date "2012.02.26"]
[Round "12.46"]
[White "Fayos Mestre, Jose Maria"]
[Black "Pedrajas Estepa, Manuel"]
[Result "1-0"]
[WhiteElo "2029"]
[BlackElo "2044"]
[PlyCount "99"]
[EventDate "2011.11.13"]
[EventType "team"]
[EventRounds "14"]
[EventCountry "ESP"]
[Source "lmi"]
[SourceDate "2011.11.13"]
[WhiteTeam "Blanco y Negro"]
[BlackTeam "Leganes"]
[WhiteTeamCountry "ESP"]
[BlackTeamCountry "ESP"]

1. d4 Nf6 2. c4 g6 3. Nc3 Bg7 4. e4 d6 5. f4 O-O 6. Nf3 c5 7. d5 b5 8. cxb5 a6
9. a4 Bd7 10. Bd2 Bg4 11. h3 Bxf3 12. Qxf3 axb5 13. Bxb5 Na6 14. O-O Nb4 15.
Rfc1 e6 16. dxe6 fxe6 17. Na2 Na6 18. Nc3 Nc7 19. Bc6 Ra6 20. Bb5 Rb6 21. Be3
Nh5 22. Rd1 Bxc3 23. bxc3 Nxb5 24. axb5 Rxb5 25. f5 exf5 26. e5 f4 27. Bf2 Ra5
28. Rxa5 Qxa5 29. Qd5+ Kg7 30. exd6 Qxc3 31. Bxc5 Nf6 32. Bd4 Qc2 33. Ba1 Qa4
34. Bxf6+ Kxf6 35. d7 Rd8 36. Rd4 Qa7 37. Kh2 Qc7 38. Kg1 g5 39. Kf2 h5 40. Kf3
Qc1 41. Qd6+ Kf7 42. Rd2 Qf1+ 43. Ke4 Qb5 44. Rd5 Qb1+ 45. Ke5 Qb2+ 46. Rd4
Qe2+ 47. Kf5 Qc2+ 48. Rd3 f3 49. Qf6+ Kg8 50. Qxd8+ 1-0

[Event "Liga Madrileña - DH 2011-2012"]
[Site "Madrid ESP"]
[Date "2012.03.04"]
[Round "13.11"]
[White "Alcazar Jimenez, Victor Manuel"]
[Black "Granda Zuniga, Julio E"]
[Result "0-1"]
[WhiteElo "2379"]
[BlackElo "2636"]
[PlyCount "90"]
[EventDate "2011.11.13"]
[EventType "team"]
[EventRounds "14"]
[EventCountry "ESP"]
[Source "lmi"]
[SourceDate "2011.11.13"]
[WhiteTeam "Blanco y Negro"]
[BlackTeam "Collado Villalba"]
[WhiteTeamCountry "ESP"]
[BlackTeamCountry "ESP"]

1. c4 c5 2. Nf3 Nf6 3. Nc3 e6 4. d4 cxd4 5. Nxd4 a6 6. g3 Qc7 7. Qa4 Nc6 8.
Nxc6 bxc6 9. Bg2 Rb8 10. a3 a5 11. O-O Be7 12. e4 O-O 13. h3 e5 14. Rb1 d6 15.
Be3 Be6 16. Rfc1 Qc8 17. Kh2 Qb7 18. Bf1 Nd7 19. Qxa5 f5 20. exf5 Bxf5 21. Ra1
Qxb2 22. Bg2 Qb7 23. Qa4 Rbc8 24. Nd5 Bd8 25. Nb4 Nb8 26. Rd1 Qc7 27. Qa7 Bd7
28. Ra2 Be7 29. Rad2 Be6 30. Rc2 Kf7 31. Qa4 Rfd8 32. f4 Bf6 33. Rcc1 Kg8 34.
Nd3 exf4 35. Bxf4 Qf7 36. Re1 Kh8 37. Nf2 Nd7 38. Nd3 Nc5 39. Nxc5 dxc5 40.
Bxc6 Rd4 41. Bg2 Rxf4 42. gxf4 Bb2 43. Qa6 Qxf4+ 44. Kh1 Be5 45. Kg1 Rf8 0-1

[Event "Liga Madrileña - DH 2011-2012"]
[Site "Madrid ESP"]
[Date "2012.03.04"]
[Round "13.12"]
[White "Vazquez Igarza, Renier"]
[Black "Alarcia Astiz, Carlos"]
[Result "1-0"]
[WhiteElo "2566"]
[BlackElo "2313"]
[PlyCount "59"]
[EventDate "2011.11.13"]
[EventType "team"]
[EventRounds "14"]
[EventCountry "ESP"]
[Source "lmi"]
[SourceDate "2011.11.13"]
[WhiteTeam "Collado Villalba"]
[BlackTeam "Blanco y Negro"]
[WhiteTeamCountry "ESP"]
[BlackTeamCountry "ESP"]

1. d4 d5 2. c4 dxc4 3. e4 e5 4. Nf3 exd4 5. Bxc4 Bb4+ 6. Nbd2 Nc6 7. O-O Nf6 8.
e5 Nd5 9. Nb3 O-O 10. Nbxd4 Nce7 11. Bg5 c6 12. Qc2 h6 13. Bh4 Qd7 14. a3 Ba5
15. Rad1 Bc7 16. Rfe1 Qe8 17. e6 f6 18. Nf5 Nxf5 19. Qxf5 Ne7 20. Qc2 g5 21.
Rd7 Bf4 22. Rxe7 Qxe7 23. Qg6+ Kh8 24. Qxh6+ Kg8 25. Nd4 f5 26. Nxf5 Rxf5 27.
Qg6+ Kh8 28. Qxf5 Bxh2+ 29. Kxh2 gxh4 30. Re5 1-0

[Event "Liga Madrileña - DH 2011-2012"]
[Site "Madrid ESP"]
[Date "2012.03.04"]
[Round "13.13"]
[White "Alcazar Jimenez, Jesus Alberto"]
[Black "Moreno Ruiz, Javier"]
[Result "0-1"]
[WhiteElo "2252"]
[BlackElo "2513"]
[PlyCount "134"]
[EventDate "2011.11.13"]
[EventType "team"]
[EventRounds "14"]
[EventCountry "ESP"]
[Source "lmi"]
[SourceDate "2011.11.13"]
[WhiteTeam "Blanco y Negro"]
[BlackTeam "Collado Villalba"]
[WhiteTeamCountry "ESP"]
[BlackTeamCountry "ESP"]

1. e4 c5 2. Nf3 Nc6 3. Bb5 g6 4. Bxc6 bxc6 5. O-O Bg7 6. Re1 Nh6 7. c3 O-O 8.
d4 Qb6 9. d5 d6 10. Na3 Bd7 11. Nc4 Qa6 12. b3 Ng4 13. Bd2 Rad8 14. Bg5 f6 15.
Bf4 Bc8 16. Qd2 Ne5 17. Bxe5 dxe5 18. Red1 cxd5 19. exd5 Bb7 20. Qe3 Rxd5 21.
Rxd5 Bxd5 22. Qxc5 Bxc4 23. bxc4 e6 24. Rd1 Qa4 25. Rd2 Bh6 26. Re2 Qd1+ 27.
Re1 Qd7 28. Qb5 Qxb5 29. cxb5 Rc8 30. a4 Rxc3 31. Ra1 Rb3 32. Kf1 Kf7 33. Ra2
Rb4 34. Ne1 e4 35. Nc2 Rb1+ 36. Ke2 e5 37. Na3 Rb4 38. Nc2 Rb3 39. Na3 Bf8 40.
Nc4 Ke6 41. Na5 Rb1 42. Nc6 Bb4 43. Nxb4 Rxb4 44. Kd2 Kd5 45. Rc2 Rxa4 46. Rc7
Ra2+ 47. Ke3 f5 48. Rd7+ Kc5 49. Rxh7 Kxb5 50. Re7 Ra3+ 51. Ke2 Kc4 52. Rxe5
Kd4 53. Re6 Ra2+ 54. Kf1 g5 55. Rg6 g4 56. h3 Ra1+ 57. Ke2 gxh3 58. gxh3 f4 59.
Rd6+ Ke5 60. Rd7 f3+ 61. Kd2 Ra2+ 62. Ke1 a5 63. h4 Kf5 64. Rd5+ Kg6 65. Re5 a4
66. Kd1 Rxf2 67. Rxe4 a3 0-1

[Event "Liga Madrileña - DH 2011-2012"]
[Site "Madrid ESP"]
[Date "2012.03.04"]
[Round "13.14"]
[White "Taboas Rodriguez, Daniel"]
[Black "Aguado Solana, Juan"]
[Result "1-0"]
[WhiteElo "2418"]
[BlackElo "2060"]
[PlyCount "71"]
[EventDate "2011.11.13"]
[EventType "team"]
[EventRounds "14"]
[EventCountry "ESP"]
[Source "lmi"]
[SourceDate "2011.11.13"]
[WhiteTeam "Collado Villalba"]
[BlackTeam "Blanco y Negro"]
[WhiteTeamCountry "ESP"]
[BlackTeamCountry "ESP"]

1. d4 e6 2. e4 d5 3. Nc3 Nf6 4. e5 Nfd7 5. f4 c5 6. Nf3 Nc6 7. Be3 Be7 8. Qd2
a6 9. dxc5 Nxc5 10. Qf2 Qa5 11. Bd2 Qc7 12. Qg3 O-O 13. Bd3 f5 14. exf6 Bxf6
15. O-O Nxd3 16. cxd3 b5 17. Rae1 b4 18. Na4 Qa5 19. b3 Bc3 20. Re2 Bd7 21. Be3
Ne7 22. Bb6 Qb5 23. Ne5 Nf5 24. Qh3 Rac8 25. Kh1 Bd4 26. Nxd7 Qxd7 27. g4 Qb7
28. gxf5 Bxb6 29. Nxb6 d4+ 30. Kg1 Qxb6 31. fxe6 Rfe8 32. f5 Qc5 33. Rg2 Qe5
34. f6 Rxe6 35. Rxg7+ Kf8 36. Qxh7 1-0

[Event "Liga Madrileña - DH 2011-2012"]
[Site "Madrid ESP"]
[Date "2012.03.04"]
[Round "13.21"]
[White "Anton Guijarro, David"]
[Black "Valles Moreno, Ivan"]
[Result "1-0"]
[WhiteElo "2469"]
[BlackElo "2391"]
[PlyCount "41"]
[EventDate "2011.11.13"]
[EventType "team"]
[EventRounds "14"]
[EventCountry "ESP"]
[Source "lmi"]
[SourceDate "2011.11.13"]
[WhiteTeam "Virgen de Atocha"]
[BlackTeam "Amigos del Retiro"]
[WhiteTeamCountry "ESP"]
[BlackTeamCountry "ESP"]

1. Nf3 f5 2. d3 Nc6 3. e4 e5 4. Nc3 Bb4 5. d4 fxe4 6. Nxe5 Nf6 7. Bc4 d5 8. Bb3
Qe7 9. Bf4 Nd8 10. Bg5 c6 11. O-O Ne6 12. Bxf6 Qxf6 13. Bxd5 cxd5 14. Nxd5 Qg5
15. f4 exf3 16. Qxf3 Qh4 17. Qf7+ Kd8 18. Nxb4 Qxd4+ 19. Kh1 Qxe5 20. Rad1+ Nd4
21. Rfe1 1-0

[Event "Liga Madrileña - DH 2011-2012"]
[Site "Madrid ESP"]
[Date "2012.03.04"]
[Round "13.22"]
[White "Vallejo Diaz, Javier"]
[Black "Almagro Llamas, Pablo"]
[Result "1-0"]
[WhiteElo "2367"]
[BlackElo "2461"]
[PlyCount "53"]
[EventDate "2011.11.13"]
[EventType "team"]
[EventRounds "14"]
[EventCountry "ESP"]
[Source "lmi"]
[SourceDate "2011.11.13"]
[WhiteTeam "Amigos del Retiro"]
[BlackTeam "Virgen de Atocha"]
[WhiteTeamCountry "ESP"]
[BlackTeamCountry "ESP"]

1. e4 c6 2. d4 d5 3. Nd2 dxe4 4. Nxe4 Bf5 5. Ng3 Bg6 6. h4 h6 7. Nh3 Nf6 8. Nf4
Bh7 9. Bc4 Nbd7 10. O-O Nb6 11. Bb3 a5 12. a3 a4 13. Ba2 e6 14. Re1 Nbd5 15. c4
Nxf4 16. Bxf4 Be7 17. d5 cxd5 18. cxd5 exd5 19. Qe2 Ra6 20. Nh5 Nxh5 21. Qxh5
O-O 22. Bxd5 Rf6 23. Bg3 Rf5 24. Qe2 Bxh4 25. Be4 Re8 26. Qc2 Ree5 27. Bxh4 1-0

[Event "Liga Madrileña - DH 2011-2012"]
[Site "Madrid ESP"]
[Date "2012.03.04"]
[Round "13.23"]
[White "Rubio Mejia, Luis Ignacio"]
[Black "Fernandez Garcia, Miguel Angel"]
[Result "1-0"]
[WhiteElo "2439"]
[BlackElo "2318"]
[PlyCount "101"]
[EventDate "2011.11.13"]
[EventType "team"]
[EventRounds "14"]
[EventCountry "ESP"]
[Source "lmi"]
[SourceDate "2011.11.13"]
[WhiteTeam "Virgen de Atocha"]
[BlackTeam "Amigos del Retiro"]
[WhiteTeamCountry "ESP"]
[BlackTeamCountry "ESP"]

1. d4 Nf6 2. c4 e6 3. Nf3 Bb4+ 4. Bd2 Qe7 5. g3 Nc6 6. Nc3 Bxc3 7. Bxc3 Ne4 8.
Qc2 Nxc3 9. Qxc3 O-O 10. Bg2 d6 11. O-O a5 12. d5 Nb8 13. dxe6 fxe6 14. c5 e5
15. cxd6 cxd6 16. Qd2 Ra6 17. Ng5 Nc6 18. Rac1 Bf5 19. Ne4 Nd4 20. e3 Ne6 21.
Rfd1 Bg4 22. Re1 Kh8 23. h3 Bf5 24. Red1 Bxe4 25. Bxe4 Ng5 26. Bg2 e4 27. h4
Nf3+ 28. Bxf3 exf3 29. Qd5 Rb6 30. b3 a4 31. bxa4 Rb2 32. Qxd6 Qf7 33. Rc7 Qf5
34. e4 Qf6 35. Qxf6 gxf6 36. Rdd7 Re8 37. Rxh7+ Kg8 38. Rcg7+ Kf8 39. Rxb7 Rxb7
40. Rxb7 Rxe4 41. Rb3 Rxa4 42. Rxf3 Kg7 43. a3 Kg6 44. Kg2 f5 45. Rb3 Rc4 46.
Rb6+ Kh5 47. Rf6 Rc5 48. Kh3 Rc3 49. Rxf5+ Kg6 50. Ra5 Rc4 51. Ra8 1-0

[Event "Liga Madrileña - DH 2011-2012"]
[Site "Madrid ESP"]
[Date "2012.03.04"]
[Round "13.24"]
[White "Perez Gonzalez, Jose Manuel"]
[Black "Martinez Martin, David"]
[Result "1/2-1/2"]
[WhiteElo "2304"]
[BlackElo "2395"]
[PlyCount "36"]
[EventDate "2011.11.13"]
[EventType "team"]
[EventRounds "14"]
[EventCountry "ESP"]
[Source "lmi"]
[SourceDate "2011.11.13"]
[WhiteTeam "Amigos del Retiro"]
[BlackTeam "Virgen de Atocha"]
[WhiteTeamCountry "ESP"]
[BlackTeamCountry "ESP"]

1. e4 c5 2. Nf3 d6 3. d4 cxd4 4. Nxd4 Nf6 5. Nc3 g6 6. Be3 a6 7. f3 Bg7 8. Bc4
Nbd7 9. Qd2 h5 10. O-O-O b5 11. Bb3 Bb7 12. Rhe1 Rc8 13. Kb1 Qc7 14. Bg5 O-O
15. h3 Nc5 16. g4 b4 17. Nd5 Nxb3 18. cxb3 Bxd5 1/2-1/2

[Event "Liga Madrileña - DH 2011-2012"]
[Site "Madrid ESP"]
[Date "2012.03.04"]
[Round "13.25"]
[White "Rabadan Velasco, Raul"]
[Black "Sanchez Gonzalez, Sergio"]
[Result "1-0"]
[WhiteElo "2353"]
[BlackElo "2286"]
[PlyCount "119"]
[EventDate "2011.11.13"]
[EventType "team"]
[EventRounds "14"]
[EventCountry "ESP"]
[Source "lmi"]
[SourceDate "2011.11.13"]
[WhiteTeam "Virgen de Atocha"]
[BlackTeam "Amigos del Retiro"]
[WhiteTeamCountry "ESP"]
[BlackTeamCountry "ESP"]

1. e4 c5 2. Nc3 d6 3. f4 Nc6 4. Nf3 g6 5. Bc4 Bg7 6. O-O e6 7. d3 Nge7 8. Qe1
Nd4 9. Nxd4 cxd4 10. Ne2 O-O 11. Bb3 b5 12. g4 d5 13. f5 exf5 14. gxf5 gxf5 15.
Bg5 f6 16. Bd2 Kh8 17. Nf4 fxe4 18. dxe4 Rg8 19. Qh4 Bb7 20. Rf3 Bh6+ 21. Kf1
Bg5 22. Qh5 Qe8 23. Qxe8 Raxe8 24. exd5 Bxf4 25. Rxf4 Nxd5 26. Rxd4 Re5 27. Re1
Rf5+ 28. Ke2 Re8+ 29. Kd1 Rxe1+ 30. Kxe1 h5 31. a4 a6 32. axb5 axb5 33. c3 Kg7
34. Bc2 Re5+ 35. Kf2 Bc6 36. Bd3 Nb6 37. Rd6 Rd5 38. Rxd5 Nxd5 39. Kg3 Ne7 40.
Kf4 Kf7 41. Be2 Kg6 42. Bd3+ Kf7 43. Ke3 Nd5+ 44. Kd4 Nc7 45. Kc5 Be8 46. Kd6
Ne6 47. Be2 Ng7 48. Bf4 Kg6 49. Bd3+ Kf7 50. h4 Ne6 51. Be3 Nf8 52. Be2 Kg7 53.
Ke7 Bf7 54. Bh6+ Kxh6 55. Kxf7 Ng6 56. Kxf6 b4 57. cxb4 Nxh4 58. b5 Ng6 59. b6
Nf8 60. Bb5 1-0

[Event "Liga Madrileña - DH 2011-2012"]
[Site "Madrid ESP"]
[Date "2012.03.04"]
[Round "13.26"]
[White "Vallejo Diaz, Jesus"]
[Black "Perez-Aranda Alonso, Leonardo"]
[Result "1-0"]
[WhiteElo "2258"]
[BlackElo "2117"]
[PlyCount "107"]
[EventDate "2011.11.13"]
[EventType "team"]
[EventRounds "14"]
[EventCountry "ESP"]
[Source "lmi"]
[SourceDate "2011.11.13"]
[WhiteTeam "Amigos del Retiro"]
[BlackTeam "Virgen de Atocha"]
[WhiteTeamCountry "ESP"]
[BlackTeamCountry "ESP"]

1. e4 c5 2. Nf3 d6 3. c3 Nf6 4. h3 g6 5. Bd3 Bg7 6. Bc2 Nc6 7. O-O O-O 8. d4
cxd4 9. cxd4 Nb4 10. Bb3 d5 11. e5 Ne4 12. Nc3 Nxc3 13. bxc3 Nc6 14. Nd2 Be6
15. f4 Qc8 16. Qf3 Na5 17. Ba3 Nxb3 18. axb3 Re8 19. g4 f5 20. gxf5 Bxf5 21.
Qxd5+ Be6 22. Qf3 Bxh3 23. Rf2 Bf5 24. c4 Qd7 25. Qe3 e6 26. Ne4 Bxe4 27. Qxe4
Rad8 28. Bd6 a6 29. Rd1 Qf7 30. Rd3 Rd7 31. Kg2 Bh6 32. c5 Qf5 33. Qxf5 gxf5
34. Rh3 Bf8 35. Kf3 Rg7 36. Rfh2 Be7 37. Rh6 Bd8 38. R6h5 Ba5 39. Rh6 Kh8 40.
R6h5 Reg8 41. d5 exd5 42. e6 Bc3 43. Rxf5 Rg3+ 44. Ke2 Bg7 45. Rfh5 Re8 46. f5
Rxb3 47. Rxh7+ Kg8 48. Rxg7+ Kxg7 49. Be5+ Kf8 50. Rh8+ Ke7 51. Rxe8+ Kxe8 52.
f6 d4 53. f7+ Ke7 54. Bd6+ 1-0

[Event "Liga Madrileña - DH 2011-2012"]
[Site "Madrid ESP"]
[Date "2012.03.04"]
[Round "13.31"]
[White "Serrano Salvador, Eduardo"]
[Black "Arribas Lopez, Angel"]
[Result "1/2-1/2"]
[WhiteElo "2364"]
[BlackElo "2487"]
[PlyCount "120"]
[EventDate "2011.11.13"]
[EventType "team"]
[EventRounds "14"]
[EventCountry "ESP"]
[Source "lmi"]
[SourceDate "2011.11.13"]
[WhiteTeam "Moratalaz"]
[BlackTeam "Leganes"]
[WhiteTeamCountry "ESP"]
[BlackTeamCountry "ESP"]

1. d4 d6 2. c4 e5 3. Nf3 e4 4. Ng5 f5 5. Nc3 Be7 6. Nh3 c6 7. g3 Nf6 8. Bg2 Be6
9. d5 Bg8 10. O-O Nbd7 11. f3 exf3 12. exf3 Ne5 13. Re1 Nxc4 14. Bg5 Kf8 15.
Qd3 cxd5 16. Qxf5 Qc8 17. Qc2 d4 18. Ne4 Ne5 19. Qd2 Qxh3 20. Nxf6 Qf5 21. g4
Qe6 22. Nxg8 Bxg5 23. Qxg5 Rxg8 24. f4 Qg6 25. Qxg6 Nxg6 26. Bd5 Nxf4 27. Bxg8
Kxg8 28. h4 Ng6 29. Re4 Ne5 30. Rf1 Rf8 31. Rxf8+ Kxf8 32. Kf2 d3 33. Ke3 Ke7
34. b3 Kd7 35. g5 Kc6 36. Rf4 Kc5 37. a3 a5 38. h5 g6 39. h6 d5 40. Rf8 d4+ 41.
Kd2 Kd5 42. Rh8 Nf3+ 43. Kxd3 Nxg5 44. Rd8+ Ke6 45. Rxd4 Nf7 46. Kc4 g5 47. Kb5
Nxh6 48. Kxa5 g4 49. Kb6 g3 50. Kxb7 g2 51. Rd1 Nf5 52. Re1+ Kd7 53. Rd1+ Ke6
54. Re1+ Kd6 55. a4 Ne3 56. Rg1 h5 57. a5 h4 58. Rxg2 Nxg2 59. a6 h3 60. a7 h2
1/2-1/2

[Event "Liga Madrileña - DH 2011-2012"]
[Site "Madrid ESP"]
[Date "2012.03.04"]
[Round "13.33"]
[White "Solaesa Navalpotro, Luis Julio"]
[Black "Ballester de Miguel, Miguel Angel"]
[Result "1-0"]
[WhiteElo "2270"]
[BlackElo "2070"]
[PlyCount "63"]
[EventDate "2011.11.13"]
[EventType "team"]
[EventRounds "14"]
[EventCountry "ESP"]
[Source "lmi"]
[SourceDate "2011.11.13"]
[WhiteTeam "Moratalaz"]
[BlackTeam "Leganes"]
[WhiteTeamCountry "ESP"]
[BlackTeamCountry "ESP"]

1. d4 Nf6 2. Nf3 g6 3. g3 Bg7 4. Bg2 O-O 5. c4 d6 6. O-O Nbd7 7. Nc3 e5 8. e4
exd4 9. Nxd4 a5 10. Ndb5 Nc5 11. Be3 Qe7 12. Re1 Bg4 13. f3 Be6 14. Nd5 Bxd5
15. cxd5 Qd7 16. Nd4 Rfb8 17. Qc2 c6 18. dxc6 bxc6 19. Rac1 Ne8 20. f4 Rb4 21.
Red1 Rab8 22. b3 a4 23. bxa4 Rb2 24. Qc4 R8b4 25. Qf1 Rxa4 26. e5 Raxa2 27.
Bxc6 Qg4 28. Bf3 Qc8 29. Bd5 Ra3 30. Bf2 dxe5 31. Nc6 Qg4 32. Bxc5 1-0

[Event "Liga Madrileña - DH 2011-2012"]
[Site "Madrid ESP"]
[Date "2012.03.04"]
[Round "13.34"]
[White "Lopez de Turiso, Jose Angel"]
[Black "Ramirez Garcia, Jorge Alberto"]
[Result "1/2-1/2"]
[WhiteElo "2065"]
[BlackElo "2177"]
[PlyCount "65"]
[EventDate "2011.11.13"]
[EventType "team"]
[EventRounds "14"]
[EventCountry "ESP"]
[Source "lmi"]
[SourceDate "2011.11.13"]
[WhiteTeam "Leganes"]
[BlackTeam "Moratalaz"]
[WhiteTeamCountry "ESP"]
[BlackTeamCountry "ESP"]

1. e4 e6 2. d4 d5 3. Nc3 Nf6 4. exd5 exd5 5. Bd3 c5 6. dxc5 Bxc5 7. Qe2+ Be6 8.
Bg5 O-O 9. Nf3 Nc6 10. O-O Re8 11. Qd2 Bb4 12. Qf4 Be7 13. Nb5 Rb8 14. c3 h6
15. Bxf6 Bxf6 16. Nbd4 Qb6 17. Rab1 Rbd8 18. Nf5 Bxf5 19. Qxf5 Kf8 20. Rfe1
Rxe1+ 21. Rxe1 Qxb2 22. Qh7 g6 23. Bxg6 fxg6 24. Nh4 Bg7 25. Qxg6 Qb6 26. Nf5
Qc7 27. Nxh6 Bxh6 28. Qxh6+ Qg7 29. Qf4+ Qf7 30. Qh6+ Qg7 31. Qf4+ Qf7 32. Qh6+
Qg7 33. h4 1/2-1/2

[Event "Liga Madrileña - DH 2011-2012"]
[Site "Madrid ESP"]
[Date "2012.03.04"]
[Round "13.35"]
[White "Alonso Nieto, Santiago"]
[Black "Nunez Gutierrez, Juan Carlos"]
[Result "0-1"]
[WhiteElo "2112"]
[BlackElo "2049"]
[PlyCount "90"]
[EventDate "2011.11.13"]
[EventType "team"]
[EventRounds "14"]
[EventCountry "ESP"]
[Source "lmi"]
[SourceDate "2011.11.13"]
[WhiteTeam "Moratalaz"]
[BlackTeam "Leganes"]
[WhiteTeamCountry "ESP"]
[BlackTeamCountry "ESP"]

1. d4 Nf6 2. c4 e6 3. Nc3 Bb4 4. Nf3 c5 5. g3 O-O 6. Bg2 Nc6 7. O-O Bxc3 8.
bxc3 Qa5 9. Qd3 Rd8 10. Bg5 b6 11. Ne5 Bb7 12. Bxf6 gxf6 13. Ng4 f5 14. Nf6+
Kg7 15. Nh5+ Kh8 16. d5 Ne5 17. Qd2 Rg8 18. dxe6 Bxg2 19. exf7 Rg6 20. Kxg2 Qa4
21. Qd5 Qc6 22. Rad1 Nxf7 23. Kg1 Qxd5 24. Rxd5 d6 25. Rxf5 Ne5 26. Rf4 Rh6 27.
Nf6 Rf8 28. Nd5 Rxf4 29. Nxf4 Nxc4 30. g4 Rf6 31. e3 Kg8 32. h4 Kf8 33. Kg2 Rf7
34. Rd1 Ke7 35. Kg3 b5 36. e4 a5 37. Nd5+ Kf8 38. g5 b4 39. cxb4 axb4 40. Nf6
Ra7 41. h5 Rxa2 42. e5 Ra3+ 43. Kg2 Nxe5 44. Rxd6 Rd3 45. Nd7+ Ke7 0-1

[Event "Liga Madrileña - DH 2011-2012"]
[Site "Madrid ESP"]
[Date "2012.03.04"]
[Round "13.41"]
[White "Moreno Trujillo, Alejandro"]
[Black "Candela Perez, Jose"]
[Result "1-0"]
[WhiteElo "2474"]
[BlackElo "2424"]
[PlyCount "77"]
[EventDate "2011.11.13"]
[EventType "team"]
[EventRounds "14"]
[EventCountry "ESP"]
[Source "lmi"]
[SourceDate "2011.11.13"]
[WhiteTeam "64 Villalba"]
[BlackTeam "La Casa del Ajedrez"]
[WhiteTeamCountry "ESP"]
[BlackTeamCountry "ESP"]

1. d4 Nf6 2. Nf3 g6 3. c4 Bg7 4. Nc3 d6 5. e4 O-O 6. h3 e5 7. d5 a5 8. Bg5 Na6
9. Nd2 Qe8 10. Be2 Kh8 11. h4 h5 12. Nb3 a4 13. Nc1 Bd7 14. Nd3 b6 15. Qd2 Nh7
16. Be3 f5 17. f3 Nf6 18. O-O-O Rf7 19. Bg5 Qf8 20. Rde1 Nc5 21. Nxc5 bxc5 22.
Be3 Kh7 23. Bd3 fxe4 24. Bxe4 Bh6 25. Bg5 Nxe4 26. Nxe4 Bg7 27. Be3 Kh8 28.
Reg1 a3 29. b3 Qe7 30. Kd1 Rff8 31. Bg5 Qf7 32. Bh6 Bf5 33. Ng5 Qf6 34. Bxg7+
Kxg7 35. Qc3 Bd7 36. Re1 Qf4 37. Re4 Qg3 38. Qe1 Qxg2 39. Re2 1-0

[Event "Liga Madrileña - DH 2011-2012"]
[Site "Madrid ESP"]
[Date "2012.03.04"]
[Round "13.42"]
[White "Gallego Jimenez, Victoriano"]
[Black "Moreno Tejera, Emilio"]
[Result "1/2-1/2"]
[WhiteElo "2390"]
[BlackElo "2319"]
[PlyCount "26"]
[EventDate "2011.11.13"]
[EventType "team"]
[EventRounds "14"]
[EventCountry "ESP"]
[Source "lmi"]
[SourceDate "2011.11.13"]
[WhiteTeam "La Casa del Ajedrez"]
[BlackTeam "64 Villalba"]
[WhiteTeamCountry "ESP"]
[BlackTeamCountry "ESP"]

1. d4 d6 2. e4 Nf6 3. Nc3 e5 4. dxe5 dxe5 5. Qxd8+ Kxd8 6. Bg5 Be6 7. O-O-O+
Nbd7 8. Nd5 Kc8 9. f3 h6 10. Be3 c6 11. Nxf6 Nxf6 12. g3 Nd7 13. Bh3 Bc5
1/2-1/2

[Event "Liga Madrileña - DH 2011-2012"]
[Site "Madrid ESP"]
[Date "2012.03.04"]
[Round "13.43"]
[White "Renteria Becerra, Jorge Elicer"]
[Black "Elguezabal Varela, Daniel"]
[Result "1/2-1/2"]
[WhiteElo "2328"]
[BlackElo "2352"]
[PlyCount "51"]
[EventDate "2011.11.13"]
[EventType "team"]
[EventRounds "14"]
[EventCountry "ESP"]
[Source "lmi"]
[SourceDate "2011.11.13"]
[WhiteTeam "64 Villalba"]
[BlackTeam "La Casa del Ajedrez"]
[WhiteTeamCountry "ESP"]
[BlackTeamCountry "ESP"]

1. d4 d5 2. c4 c6 3. Nf3 Nf6 4. e3 Bf5 5. Nc3 e6 6. Qb3 Qb6 7. Qxb6 axb6 8. Nh4
Bg6 9. Nxg6 hxg6 10. Bd2 Nbd7 11. Bd3 dxc4 12. Bxc4 b5 13. Bd3 Be7 14. Ke2 O-O
15. f4 Nb6 16. h4 Rfd8 17. Ne4 Nc4 18. Bc1 Nxe4 19. Bxe4 Bb4 20. a3 Bd6 21. Rb1
b4 22. Bd3 Na5 23. Bd2 bxa3 24. bxa3 Bxa3 25. Bxa5 Rxa5 26. Rxb7 1/2-1/2

[Event "Liga Madrileña - DH 2011-2012"]
[Site "Madrid ESP"]
[Date "2012.03.04"]
[Round "13.44"]
[White "Suarez Uriel, Adrian"]
[Black "Bolado Saez, Sergio"]
[Result "1-0"]
[WhiteElo "2238"]
[BlackElo "2361"]
[PlyCount "135"]
[EventDate "2011.11.13"]
[EventType "team"]
[EventRounds "14"]
[EventCountry "ESP"]
[Source "lmi"]
[SourceDate "2011.11.13"]
[WhiteTeam "La Casa del Ajedrez"]
[BlackTeam "64 Villalba"]
[WhiteTeamCountry "ESP"]
[BlackTeamCountry "ESP"]

1. e4 c6 2. d4 d5 3. e5 c5 4. c3 Nc6 5. Be3 Qb6 6. Qd2 cxd4 7. Bxd4 Qc7 8. f4
Nh6 9. Nf3 Bg4 10. Be2 e6 11. O-O Nf5 12. Kh1 h5 13. Bg1 Be7 14. Qe1 h4 15.
Nbd2 O-O-O 16. Bf2 f6 17. Bd3 h3 18. g3 fxe5 19. Nxe5 Nxe5 20. Qxe5 Qxe5 21.
fxe5 Bg5 22. Nb3 Bf3+ 23. Kg1 Ne3 24. Nd4 Bg4 25. Rfe1 Ng2 26. Be2 Nxe1 27.
Bxg4 Nd3 28. Nxe6 Nxe5 29. Be2 Bf6 30. Nxd8 Rxd8 31. Bxa7 Nc4 32. b3 Nd6 33.
Bd4 Ne4 34. Bg4+ Kc7 35. Rc1 Ra8 36. Rc2 Rh8 37. Bf5 Kd6 38. Bxe4 dxe4 39. Kf2
Kd5 40. Rd2 Ke6 41. Bxf6 gxf6 42. Ke3 f5 43. a4 Rg8 44. c4 Rg7 45. a5 Rg8 46.
b4 Rc8 47. Rd4 Ke5 48. b5 Rc5 49. a6 bxa6 50. b6 Rc8 51. Rd5+ Ke6 52. Kd4 Rb8
53. c5 a5 54. Rd6+ Ke7 55. Kd5 a4 56. Kc6 Rc8+ 57. Kb5 a3 58. b7 Re8 59. Rd1 e3
60. c6 e2 61. Re1 Kd6 62. Rxe2 Rxe2 63. b8=Q+ Kd5 64. Qg8+ Ke4 65. c7 Rb2+ 66.
Kc6 Rc2+ 67. Kb7 a2 68. Qa8 1-0